Orationes XII : acroases dialecticae, epistolae philologicae et exercitationes aliae, quae recensentur pag. proxima /
-д хадгалсан:
| Үндсэн зохиолч: | |
|---|---|
| Формат: | Ном |
| Хэл сонгох: | латин |
| Хэвлэсэн: |
Padua, Italia :
Joannem Manfrè,
1729
|
| Хэвлэл: | 2a edición |
| Нөхцлүүд: | |
| Шошгууд: |
Шошго байхгүй, Энэхүү баримтыг шошголох эхний хүн болох!
|
MARC
| LEADER | 00000nam^a2200000^a^4500 | ||
|---|---|---|---|
| 001 | 000412386 | ||
| 005 | 20250526000000.0 | ||
| 009 | 20260310122137.973 | ||
| 037 | |a Acervo Xavier Clavigero | ||
| 041 | |a LAT | ||
| 082 | |a 475. |b FAC | ||
| 100 | |a Facciolati, Jacobi |e (autor) | ||
| 245 | 1 | 0 | |a Orationes XII : |b acroases dialecticae, epistolae philologicae et exercitationes aliae, quae recensentur pag. proxima / |c J. Facciolati. |
| 250 | |a 2a edición | ||
| 264 | 1 | |a Padua, Italia : |b Joannem Manfrè, |c 1729 | |
| 300 | |a [12], 558 p. ; |c 18.0 cm. | ||
| 336 | |a texto |b txt |2 rdacontenido | ||
| 337 | |a sin mediación |b n |2 rdamedio | ||
| 338 | |a volumen |b nc |2 rdasoporte | ||
| 561 | |a Ex libris de Biblioteca Magnopontana San José Provincia Mexicana Septentrional S.J. | ||
| 649 | |a XX | ||
| 650 | |a Oración Gramatical | ||
| 650 | |a Gramática - |x Tema Principal | ||
| 650 | |a Retórica Clásica | ||
| 650 | |a Dialéctica | ||
| 650 | |a Teología | ||
| 650 | |a Historia | ||
| 650 | |a Etica | ||
| 650 | |a Derecho | ||
| 650 | |a Matemáticas | ||
| 650 | |a Latín | ||
| 650 | |a Lenguas Itálicas | ||
| 650 | |a Lingüística | ||
| 910 | |a Fondo General | ||
| 920 | |a Impresos - Libros | ||
| 930 | |a Libros Antiguos y Raros | ||
| 905 | |a 108 | ||
| 901 | |a 0500321011 |b IT2 |c LRA |u 20250526 | ||
| 902 | |a https://opac.biblio.iteso.mx/vufind/Record/000412386 | ||